Teorías contemporáneas de la verdad

Gardado en:
Detalles Bibliográficos
Outros autores: Nicolás Marín, Juan Antonio (Editor), Frápolli Sanz, María José (editora)
Formato: Libro
Idioma:Lingua castelá
Publicado: Madrid Tecnos 2012
Edición:2a. ed
Subjects:
Tags: Engadir etiqueta
Sen Etiquetas, Sexa o primeiro en etiquetar este rexistro!

MARC

LEADER 00000cam a2200000 a 4500
001 UCE4150
003 CL-VaPUC
005 20220822173148.0
008 141009e20120000sp |||||||||||||||||spa|d
999 |c 357207  |d 357205 
020 |a 9788430952762 
040 |c Pontificia Universidad Católica de Valparaíso 
082 0 4 |a 121  |b NIC  |2 21 
100 |a Nicolás Marín, Juan Antonio  |e editor  |9 875769 
245 1 0 |a Teorías contemporáneas de la verdad 
250 |a 2a. ed 
260 |a Madrid  |b Tecnos  |c 2012 
300 |a 719 p 
583 |a last modification  |c 20141009 14:36:00  |k Rodrigo Vera 
650 0 |a Escuelas filosóficas   |9 266232 
650 0 |a Hermenéutica  |9 269473 
650 0 |a Teoría del conocimiento   |9 255038 
650 7 |a TERMINOLOGIA  |2 CL-VaPUC  |9 254881 
650 0 |a Verdad  |9 313815 
700 |a Frápolli Sanz, María José  |e editora  |9 875778 
942 |c BK  |2 ddc 
945 |d 20141009 14:36:00  |a arojas 
952 |0 0  |1 0  |3 erb  |4 0  |6 121_000000000000000_NIC_2012  |7 0  |8 A  |9 465051  |a BIBDER  |b BIBDER  |i 5118328  |o 121 NIC 2012  |p 5118328  |r 2023-01-25  |w 2019-11-23  |y BK  |z Catalogado en:20141009  |k DER 
952 |0 0  |1 0  |3 erb  |4 0  |6 121_000000000000000_NIC_2012  |7 0  |8 A  |9 465052  |a BIBGIM  |b BIBGIM  |i 5121698  |o 121 NIC 2012  |p 5121698  |r 2025-01-15  |w 2019-11-23  |y BK  |z Catalogado en:20141030  |k SSL 
952 |0 0  |1 0  |3 erb  |4 0  |6 121_000000000000000_NIC_2012  |7 0  |8 A  |9 465053  |a BIBGIM  |b BIBGIM  |i 5121701  |o 121 NIC 2012  |p 5121701  |r 2025-01-15  |w 2019-11-23  |y BK  |z Catalogado en:20141030  |k SSL 
952 |0 0  |1 0  |3 erb  |4 0  |6 121_000000000000000_NIC_2012  |7 0  |8 A  |9 465054  |a BIBGIM  |b BIBGIM  |i 512171K  |o 121 NIC 2012  |p 512171K  |r 2025-01-15  |w 2019-11-23  |y BK  |z Catalogado en:20141030  |k SSL 
952 |0 0  |1 0  |3 erb  |4 0  |6 121_000000000000000_NIC_2012  |7 0  |8 A  |9 465055  |a BIBGIM  |b BIBGIM  |i 5121728  |o 121 NIC 2012  |p 5121728  |r 2025-01-15  |w 2019-11-23  |y BK  |z Catalogado en:20141030  |k SSL 
952 |0 0  |1 0  |3 erb  |4 0  |6 121_000000000000000_NIC_2012  |7 0  |8 A  |9 465056  |a BIBGIM  |b BIBGIM  |i 5121736  |o 121 NIC 2012  |p 5121736  |r 2025-01-15  |w 2019-11-23  |y BK  |z Catalogado en:20141030  |k SSL 
952 |0 0  |1 0  |3 erb  |4 0  |6 121_000000000000000_NIC_2012  |7 0  |8 A  |9 465057  |a BIBART  |b BIBART  |i 5130492  |o 121 NIC 2012  |p 5130492  |r 2025-03-13  |w 2019-11-23  |y BK  |z Catalogado en:20141218  |k ART